00736nam a22001697a 4500020001800000082001700018100001600035245003000051260003400081300001100115700001500126942000700141999001900148952013300167952013300300952013300433 a9788120349322 a621.3822 NAV aNavas, K.A. aLAB primer through MATLAB aNew DelhibPHI learningc2014 a345 p. a K.A.Navas cBK c490577d490577 001040708NFICaCLbCLcGENd2016-12-23eAllied Book Companyg526.40l0o621.3822 NAVpSEECS013609r2016-12-23w2016-12-23yBK 001040708NFICaCLbCLcGENd2016-12-23eAllied Book Companyg526.40l0o621.3822 NAVpSEECS013610r2016-12-23w2016-12-23yBK 001040708NFICaCLbCLcGENd2016-12-23eAllied Book Companyg526.40l0o621.3822 NAVpSEECS013611r2016-12-23w2016-12-23yBK